Semi Trucks by Picture #2 - Statistics

General Stats
  • This quiz has been taken 82 times
  • The average score is 4 of 9
Answer Stats
Picture Answer % Correct
Man
97%
Volvo
84%
Western Star
60%
Chevrolet
57%
Pacific
34%
Iveco
31%
Oshkosh
28%
Autocar
21%
White
12%
No matching quizzes found
Score Distribution
Percent of People with Each Score
Percentile by Number Answered
Your Score History
You have not taken this quiz